| 000 | 00512nab a2200169 a 4500 | ||
|---|---|---|---|
| 005 | 20210219164051.0 | ||
| 008 | 991125s2015 mx 000 0 spa u | ||
| 035 | _aUPN01000234469 | ||
| 049 | _aREV | ||
| 245 | 0 | 0 |
_aLIMES : _bORGANO DE DIFUSION ACADEMICA DE LA UNIVERSIDAD PEDAGOGICA NACIONAL |
| 260 |
_aTijuana, Baja California _bUPN Unidad 022 _c2015 |
||
| 905 | _aRevista | ||
| 336 | _atexto$2rdacontent | ||
| 337 | _acomputadora$2rdamedia | ||
| 338 | _arecurso en l nea$2rdacarrier | ||
| 999 |
_c206564 _d206564 |
||